[Event "4NCL Team Rapid"]
[Site "Newport Pagnell ENG"]
[Date "2010.10.09"]
[Round "5"]
[White "Kilpatrick,C"]
[Black "Hebden,M"]
[Result "0-1"]
[BlackTitle "GM"]
[WhiteElo "2247"]
[BlackElo "2556"]
[WhiteFideId "414425"]
[BlackFideId "400084"]
[EventDate "2010.10.09"]

1. e4 e5 2. Nf3 Nc6 3. Bb5 a6 4. Ba4 Nf6 5. O-O Be7 6. d3 b5 7. Bb3 d6 8. a4 Bd7
9. c3 O-O 10. Nbd2 h6 11. Re1 Re8 12. Nf1 Bf8 13. Ng3 Na5 14. Bc2 c5 15. d4 c4
16. h3 g6 17. Be3 Bg7 18. Qd2 h5 19. Bh6 Nh7 20. Rad1 Ra7 21. Qe3 Bxh6 22. Qxh6
Qf6 23. Qe3 Rb7 24. axb5 Bxb5 25. dxe5 dxe5 26. Qc5 Qe7 27. Qxe7 Rbxe7 28. Rd6
Nb7 29. Rb6 Nc5 30. Rd1 Rd7 31. Rxd7 Nxd7 32. Rd6 Kf8 33. Nf1 Ke7 34. Rd2 Rb8
35. Ne3 Nhf6 36. Bb1 Rc8 37. g4 hxg4 38. hxg4 Rc5 39. g5 Nh5 40. Nd5+ Ke8 41.
Bc2 a5 42. Rd1 Bc6 43. Nh2 Bxd5 44. exd5 Nf4 45. Be4 Nh3+ 46. Kf1 Nxg5 47. Bg2
e4 48. Ng4 f5 49. Ne3 f4 50. Ng4 f3 51. Bh1 Ke7 52. Rd4 Kd6 53. Ke1 Rc8 54. Kf1
a4 55. Kg1 Nb6 56. Nf6 Ke5 57. Ng4+ Kf4 58. Nf6 Rd8 59. Kf1 Kf5 60. Nxe4 Nxe4
61. Bxf3 Nf6 62. d6 Ke5 63. Rh4 Rxd6 64. Ke2 g5 65. Rh8 Nbd5 66. Ra8 Nf4+ 67.
Ke1 g4 68. Bd1 Ng2+ 69. Ke2 Nf4+ 70. Ke1 Nd3+ 71. Ke2 Nxb2 72. Bxa4 Nxa4 73.
Rxa4 Rc6 74. Ra8 Kf4 75. Rf8 Re6+ 76. Kf1 Kf3 77. Kg1 Ke4 0-1

[Event "4NCL Team Rapid"]
[Site "Newport Pagnell ENG"]
[Date "2010.10.09"]
[Round "5"]
[White "Clarke,B"]
[Black "Poobalasingam,P"]
[Result "0-1"]
[BlackTitle "FM"]
[WhiteElo "2110"]
[BlackElo "2332"]
[WhiteFideId "400319"]
[BlackFideId "410683"]
[EventDate "2010.10.09"]

1. e4 e6 2. d4 d5 3. e5 c5 4. c3 Qb6 5. Nf3 Nc6 6. Bd3 cxd4 7. cxd4 Bd7 8. O-O
Nxd4 9. Nbd2 Nc6 10. a3 Nge7 11. b4 Ng6 12. Re1 Be7 13. g3 O-O 14. h4 f6 15.
Bxg6 hxg6 16. exf6 Bxf6 17. Ra2 Rad8 18. Nb3 Bc8 19. Bf4 Bc3 20. Re3 d4 21. Re4
e5 22. Nxe5 Bf5 23. Nxc6 Bxe4 24. Nxd8 Rxd8 25. Nc5 Bd5 26. Rc2 Qc6 27. Re2 Bh1
28. Qf1 d3 29. Re6 Qd5 30. Kh2 Bf3 31. Nxd3 Qxe6 32. Nc5 Qe1 0-1

[Event "4NCL Team Rapid"]
[Site "Newport Pagnell ENG"]
[Date "2010.10.09"]
[Round "5"]
[White "Piper,M"]
[Black "Jones,G"]
[Result "1-0"]
[BlackTitle "GM"]
[WhiteElo "2343"]
[BlackElo "2576"]
[WhiteFideId "401463"]
[BlackFideId "409561"]
[EventDate "2010.10.09"]

1. e4 c5 2. Nf3 d6 3. d4 cxd4 4. Nxd4 Nf6 5. Nc3 g6 6. Be3 Bg7 7. f3 O-O 8. Qd2
Nc6 9. O-O-O d5 10. exd5 Nxd5 11. Nxc6 bxc6 12. Bd4 Bxd4 13. Qxd4 Qb6 14. Na4
Qa5 15. b3 Qc7 16. h4 h5 17. Bc4 Nb6 18. g4 Nxc4 19. Qxc4 Be6 20. Qc5 Qf4+ 21.
Kb1 Qxf3 22. gxh5 Qxh5 23. Qxe7 Rfe8 24. Qf6 Bf5 25. Rd2 Re6 26. Rd8+ Rxd8 27.
Qxd8+ Kh7 28. Qc7 Kg7 29. Qxa7 Bxc2+ 30. Kxc2 Re2+ 31. Kc3 Qe5+ 32. Kb4 Qe4+ 33.
Ka3 Qxh1 34. Qd4+ Kh7 35. Nc3 Qc1+ 36. Kb4 c5+ 37. Kxc5 Rxa2 38. Qc4 Ra7 39. Nd5
Qxc4+ 40. bxc4 Kh6 41. Kb6 Ra1 42. c5 Kh5 43. c6 Kxh4 44. c7 Rc1 45. Ne7 g5 46.
Nc6 Rb1+ 47. Kc5 f5 48. c8=Q f4 49. Qh8+ Kg3 50. Qc3+ Kh4 51. Ne5 Rf1 52. Qd3
Rc1+ 53. Kd5 g4 54. Qe4 Kg3 55. Qf5 Rd1+ 56. Ke6 Rd4 57. Qxg4+ Kf2 58. Qf3+ Ke1
59. Nd3+ Kd2 60. Nxf4 Kc2 61. Ke5 Rd8 62. Qe2+ Rd2 63. Qc4+ Kd1 64. Ke4 Rc2 65.
Qb3 Kd2 66. Ne2 Rc8 67. Qb5 Kd1 68. Ke3 Kc2 69. Qf5+ Kb2 1-0

[Event "4NCL Team Rapid"]
[Site "Newport Pagnell ENG"]
[Date "2010.10.09"]
[Round "6"]
[White "Holmes,R"]
[Black "Sherwin,J"]
[Result "1-0"]
[BlackTitle "IM"]
[WhiteElo "2270"]
[BlackElo "2246"]
[WhiteFideId "401579"]
[BlackFideId "2000997"]
[EventDate "2010.10.09"]

1. d4 d5 2. Nf3 Nf6 3. e3 c5 4. b3 Nc6 5. Bb2 cxd4 6. exd4 Bg4 7. Be2 e6 8. O-O
Be7 9. h3 Bf5 10. Ne5 Rc8 11. c4 O-O 12. Nd2 dxc4 13. Ndxc4 Nd5 14. Rc1 Ncb4 15.
a3 Na2 16. Ra1 Nac3 17. Qe1 Nxe2+ 18. Qxe2 b5 19. Ne3 Nxe3 20. Qxe3 Rc2 21. Bc3
Bg5 22. Qe1 Qd5 23. Nf3 Bxh3 24. Bb4 Rfc8 25. Qe5 Qxb3 26. Qxg5 Bf5 27. Rac1 h6
28. Rxc2 Rxc2 29. Qd8+ Kh7 30. Qe7 a5 31. Bc5 Bg6 32. Ne5 Qd5 33. Nxf7 b4 34.
axb4 axb4 35. Bxb4 Qxd4 36. Ba3 Bd3 37. Qxe6 Qf4 38. Ne5 Bxf1 39. Qg6+ Kg8 40.
Qxc2 Bb5 41. Nf3 Bd7 42. Qd3 Bc6 43. Nd4 Be4 44. Qe3 Qxe3 45. fxe3 Kf7 46. Kf2
h5 47. g3 g5 48. Bb2 Kg6 49. Nb5 Bc6 50. Nd4 Be4 51. Ke2 h4 52. gxh4 gxh4 53.
Kf2 1-0

[Event "4NCL Team Rapid"]
[Site "Newport Pagnell ENG"]
[Date "2010.10.09"]
[Round "6"]
[White "Rudd,J"]
[Black "Josse,Mar"]
[Result "0-1"]
[WhiteTitle "IM"]
[WhiteElo "2251"]
[BlackElo "2159"]
[WhiteFideId "405736"]
[BlackFideId "414476"]
[EventDate "2010.10.09"]

1. d4 d5 2. c4 c6 3. Nf3 Nf6 4. Nc3 dxc4 5. e4 b5 6. e5 Nd5 7. Ng5 h6 8. Nge4
Bf5 9. Qf3 e6 10. Bd2 Nb4 11. O-O-O Be7 12. a3 Nd5 13. g4 Bg6 14. h4 h5 15. g5
Nd7 16. Bh3 a5 17. Rde1 N7b6 18. Ng3 b4 19. Nce4 c3 20. bxc3 bxc3 21. Nxc3 Nc4
22. Nge4 Qb6 23. Na4 Qxd4 24. Bc3 Bxa3+ 25. Kc2 Nxc3 26. Qxc3 Bxe4+ 27. Kb3 Rb8+
28. Ka2 Qxc3 29. Nxc3 Rb2+ 30. Ka1 Bxh1 31. Rxh1 0-1

[Event "4NCL Team Rapid"]
[Site "Newport Pagnell ENG"]
[Date "2010.10.09"]
[Round "6"]
[White "Watson,W"]
[Black "Cobb,J"]
[Result "1-0"]
[WhiteTitle "GM"]
[BlackTitle "IM"]
[WhiteElo "2498"]
[BlackElo "2401"]
[WhiteFideId "400157"]
[BlackFideId "1800949"]
[EventDate "2010.10.09"]

1. e4 e6 2. d4 d5 3. Nc3 Nf6 4. Bg5 dxe4 5. Nxe4 Be7 6. Bxf6 gxf6 7. Bc4 a6 8.
d5 b5 9. Bb3 Bb7 10. c4 Bb4+ 11. Kf1 bxc4 12. Bxc4 Be7 13. Nc3 exd5 14. Bxd5
Bxd5 15. Qxd5 Qxd5 16. Nxd5 Bd8 17. Rc1 c6 18. Ne3 O-O 19. Nf3 Bb6 20. Nf5 Re8
21. g3 c5 22. Kg2 Nc6 23. Rhd1 Rad8 24. Nd6 Rf8 25. Nc4 Ba7 26. Nfd2 Nd4 27. Ne4
f5 28. Ned6 Rd7 29. Nxf5 Rfd8 30. Ne5 Rb7 31. b3 f6 32. Ng4 Kf7 33. Rd3 Rbd7 34.
Nxd4 Rxd4 35. Rxd4 Rxd4 36. Ne3 a5 37. Rd1 a4 38. Kf3 Ke6 39. Rb1 Rd2 40. bxa4
Rxa2 41. Rb7 Rxa4 42. Rxh7 Kd6 43. Rf7 Ke6 44. Rc7 Ra2 45. h4 Kd6 46. Rf7 Ke6
47. Rb7 c4 1-0

[Event "4NCL Team Rapid"]
[Site "Newport Pagnell ENG"]
[Date "2010.10.09"]
[Round "6"]
[White "Martyn,R"]
[Black "Rendle,T"]
[Result "1-0"]
[WhiteTitle "FM"]
[BlackTitle "IM"]
[WhiteElo "2292"]
[BlackElo "2400"]
[WhiteFideId "409626"]
[BlackFideId "408760"]
[EventDate "2010.10.09"]

1. d4 f5 2. c4 Nf6 3. Nc3 d6 4. Bg5 Nbd7 5. Qc2 g6 6. f3 Bg7 7. e4 fxe4 8. fxe4
e5 9. d5 h6 10. Bh4 O-O 11. Be2 a5 12. Nf3 g5 13. Bf2 Nh5 14. g3 Nc5 15. Nd2 Nf6
16. h3 Qe8 17. g4 Qg6 18. Be3 c6 19. a4 Bd7 20. Bxc5 dxc5 21. Nf1 b5 22. axb5
cxb5 23. cxb5 h5 24. Ne3 Ne8 25. gxh5 Qh7 26. Bg4 Ra7 27. Nc4 Rf4 28. Rg1 Nf6
29. Bxd7 Rxd7 30. O-O-O Qxh5 31. Nxe5 Rd8 32. Nc6 Re8 33. e5 Nd7 34. e6 Nb6 35.
Qg2 Rf5 36. d6 Rxe6 37. d7 Nxd7 38. Rxd7 Qh4 39. Rd8+ Kh7 40. Qc2 Qf4+ 41. Kb1
Kh6 42. Rgd1 Bf6 43. R8d7 c4 44. Nd5 Qf3 45. Nxf6 Rexf6 46. Nd4 1-0

[Event "4NCL Team Rapid"]
[Site "Newport Pagnell ENG"]
[Date "2010.10.09"]
[Round "6"]
[White "Summerscale,A"]
[Black "Poobalasingam,P"]
[Result "0-1"]
[WhiteTitle "GM"]
[BlackTitle "FM"]
[WhiteElo "2419"]
[BlackElo "2332"]
[WhiteFideId "400980"]
[BlackFideId "410683"]
[EventDate "2010.10.09"]

1. d4 Nf6 2. c4 g6 3. Nc3 d5 4. Nf3 Bg7 5. Bf4 O-O 6. Rc1 dxc4 7. e4 c5 8. d5 b5
9. e5 Nh5 10. Be3 Qa5 11. h3 Bh8 12. g4 Ng7 13. Bxc5 Bb7 14. a3 Qc7 15. Bd4 Rd8
16. Bg2 Nd7 17. O-O a6 18. b3 Nc5 19. bxc4 bxc4 20. Rb1 Nb3 21. Be3 Ne8 22. Qc2
Rac8 23. Rfd1 Qa5 24. Bf4 Nc7 25. Bg5 Nxd5 26. Nxd5 Rxd5 27. Rxd5 Bxd5 28. Rxb3
c3 29. Rb1 Qxa3 30. Rc1 Bb3 31. Qb1 c2 32. Qa1 Qxa1 33. Rxa1 f6 34. Be3 fxe5 35.
Nd2 c1=Q+ 36. Rxc1 Rxc1+ 37. Kh2 Be6 38. Ne4 Ra1 39. Nc5 Bc4 40. Bc6 a5 41. Kg3
Kf7 42. Bd2 e4 43. Na4 Be5+ 44. Kg2 Bb3 45. Nc5 Bc2 46. Nxe4 Bxe4+ 47. Bxe4 a4
48. f4 Bd4 49. f5 a3 50. Bg5 a2 51. Bd5+ Ke8 52. Bxa2 Rxa2+ 0-1

[Event "4NCL Team Rapid"]
[Site "Newport Pagnell ENG"]
[Date "2010.10.09"]
[Round "6"]
[White "Piper,M"]
[Black "Kosten,A"]
[Result "1/2-1/2"]
[BlackTitle "GM"]
[WhiteElo "2343"]
[BlackElo "2513"]
[WhiteFideId "401463"]
[BlackFideId "400114"]
[EventDate "2010.10.09"]

1. e4 e5 2. Nf3 Nc6 3. Nc3 Nf6 4. d4 exd4 5. Nxd4 Bb4 6. Nxc6 bxc6 7. Bd3 d6 8.
O-O Ng4 9. h3 Ne5 10. Qh5 Qf6 11. Be3 Qg6 12. Qxg6 hxg6 13. Be2 Bxc3 14. bxc3
Be6 15. Bd4 c5 16. Bxe5 dxe5 17. Rab1 Ke7 18. Rb7 Rhc8 19. a3 Bd7 20. Bg4 Bxg4
21. hxg4 Kd6 22. Rbb1 Rab8 23. c4 Kc6 24. Rb3 Rxb3 25. cxb3 Rd8 26. Re1 Rd3 27.
Re3 Rxe3 28. fxe3 a5 29. a4 Kd6 30. Kf2 Ke6 31. Kf3 Kf6 32. Kg3 Kg5 33. Kh3 f5
34. gxf5 gxf5 35. Kg3 fxe4 36. Kh3 Kh5 37. g4+ Kg5 38. Kg3 Kh6 1/2-1/2

[Event "4NCL Team Rapid"]
[Site "Newport Pagnell ENG"]
[Date "2010.10.09"]
[Round "7"]
[White "Padilla Cabero,P"]
[Black "Cooper,L"]
[Result "0-1"]
[BlackTitle "IM"]
[WhiteElo "2147"]
[BlackElo "2316"]
[WhiteFideId "2212846"]
[BlackFideId "401536"]
[EventDate "2010.10.09"]

1. e4 e5 2. Nc3 Nf6 3. Nf3 Nc6 4. Bb5 Bb4 5. O-O O-O 6. d3 d6 7. h3 h6 8. a3
Bxc3 9. bxc3 Ne7 10. a4 Ng6 11. Re1 c6 12. Bc4 d5 13. exd5 cxd5 14. Bb3 Re8 15.
c4 d4 16. Bb2 Bf5 17. a5 Nd7 18. a6 b6 19. Ba4 Re6 20. Bxd4 exd4 21. Nxd4 Rxe1+
22. Qxe1 Qf6 23. Nxf5 Qxf5 24. g4 Qf4 25. Bxd7 Ne5 26. Qe3 Qxe3 27. fxe3 Nxd7
28. Kf2 Rc8 29. Kf3 Kf8 30. Ke4 Ke7 31. Kd5 Nf6+ 32. Kd4 Ke6 33. Rb1 Rc5 34. Ra1
Nd7 35. Kc3 h5 36. d4 Rg5 37. Rb1 hxg4 38. hxg4 Ra5 39. c5 bxc5 40. Rb7 cxd4+
41. exd4 Rxa6 42. Kd3 Ra3+ 43. c3 a5 44. g5 a4 45. Kc4 Ra1 46. Ra7 a3 47. d5+
Kd6 48. Ra6+ Ke7 49. g6 fxg6 0-1

[Event "4NCL Team Rapid"]
[Site "Newport Pagnell ENG"]
[Date "2010.10.09"]
[Round "7"]
[White "Clarke,B"]
[Black "Haydon,R"]
[Result "1-0"]
[WhiteElo "2110"]
[BlackElo "2164"]
[WhiteFideId "400319"]
[BlackFideId "406236"]
[EventDate "2010.10.09"]

1. e4 g6 2. d4 c6 3. Nc3 d5 4. exd5 cxd5 5. Nf3 Bg4 6. Be2 Bxf3 7. Bxf3 e6 8.
O-O Nc6 9. Re1 Nge7 10. Ne2 Bg7 11. c3 O-O 12. Ng3 Qd7 13. Bf4 f6 14. Bg4 Nf5
15. h4 Rae8 16. Nxf5 gxf5 17. Bh5 Re7 18. Qf3 b5 19. Rad1 a6 20. Qd3 Rc8 21. b3
Bh6 22. Bg3 f4 23. Bf3 Nd8 24. Bh2 Qd6 25. Qd2 Rec7 26. Qd3 Rc6 27. Rc1 Qc7 28.
Rc2 Nf7 29. Rec1 f5 30. Be2 Nd6 31. f3 Ne8 32. Bf1 Nf6 33. Qd2 Qe7 34. Bd3 1-0

[Event "4NCL Team Rapid"]
[Site "Newport Pagnell ENG"]
[Date "2010.10.09"]
[Round "7"]
[White "Girdlestone,P"]
[Black "Arkell,K"]
[Result "0-1"]
[BlackTitle "GM"]
[WhiteElo "2182"]
[BlackElo "2439"]
[WhiteFideId "408840"]
[BlackFideId "400270"]
[EventDate "2010.10.09"]

1. d4 Nf6 2. Nf3 e6 3. e3 c5 4. Bd3 cxd4 5. exd4 Be7 6. O-O d6 7. Nc3 O-O 8. Qe2
b6 9. a4 a6 10. h3 Bb7 11. Be3 Nc6 12. Rfd1 Nb4 13. Bc4 Qc7 14. Bb3 Rfe8 15. Bf4
Nbd5 16. Nxd5 Nxd5 17. Bh2 Bf6 18. c4 Nb4 19. c5 bxc5 20. dxc5 Qxc5 21. Rac1 Qh5
22. Bxd6 Bxf3 23. Qxf3 Qxf3 24. gxf3 a5 25. Rc7 Bxb2 26. Bxb4 axb4 27. Rdd7 Rf8
28. f4 g6 29. Kg2 Ra6 30. Kf3 Kg7 31. Ke4 Kf6 32. Kd3 Ra5 33. Kc4 Bc3 34. Rc5
Rxc5+ 35. Kxc5 Rc8+ 36. Kb6 Be1 37. a5 Rc3 38. Ba4 b3 39. Rd1 Bxf2+ 40. Kb7 b2
41. Rb1 Ra3 42. Rxb2 Rxa4 43. Rxf2 Rxa5 44. Kc6 Rd5 45. Ra2 Rd4 46. Ra1 0-1

[Event "4NCL Team Rapid"]
[Site "Newport Pagnell ENG"]
[Date "2010.10.09"]
[Round "7"]
[White "Jones,G"]
[Black "Richmond,P"]
[Result "0-1"]
[WhiteTitle "GM"]
[WhiteElo "2576"]
[BlackElo "2252"]
[WhiteFideId "409561"]
[BlackFideId "1800175"]
[EventDate "2010.10.09"]

1. Nf3 c5 2. e4 Nf6 3. e5 Nd5 4. g3 g6 5. Bg2 Bg7 6. O-O O-O 7. Re1 Nc7 8. d3
Nc6 9. h4 b6 10. h5 Bb7 11. hxg6 hxg6 12. Bg5 Ne6 13. Bh4 Qc7 14. Nbd2 Rfe8 15.
c3 Nxe5 16. Nxe5 Bxg2 17. Nxf7 Bb7 18. Rxe6 dxe6 19. Ng5 Qc6 20. Nde4 Rf8 21.
Qg4 Rf5 22. Nh3 e5 23. c4 Rd8 24. Rd1 Rd4 25. Kh2 Bc8 26. Qe2 Qd7 27. Nhg5 Bh6
28. Nf3 Rxf3 29. Qxf3 Qh3+ 30. Kg1 Bg4 31. Nf6+ exf6 32. Qa8+ Bf8 33. Re1 e4 34.
Re3 Bf3 35. Rxf3 Qf5 36. Qc6 Rxd3 37. Kg2 Rd6 38. Qb7 Rd2 39. g4 Qxg4+ 40. Bg3 0-1

[Event "4NCL Team Rapid"]
[Site "Newport Pagnell ENG"]
[Date "2010.10.09"]
[Round "7"]
[White "Josse,Mar"]
[Black "Cox,JohnJ"]
[Result "0-1"]
[BlackTitle "IM"]
[WhiteElo "2159"]
[BlackElo "2398"]
[WhiteFideId "414476"]
[BlackFideId "401064"]
[EventDate "2010.10.09"]

1. e4 e5 2. Nf3 Nc6 3. Bc4 Bc5 4. c3 Nf6 5. d3 a6 6. Bb3 Ba7 7. Nbd2 O-O 8. O-O
d6 9. Re1 Ng4 10. Re2 Kh8 11. h3 Nh6 12. Nf1 f5 13. Bxh6 gxh6 14. exf5 Bxf5 15.
Bd5 Qf6 16. Ng3 Bd7 17. Kh2 Rab8 18. Qd2 Ne7 19. Bb3 Bc6 20. Ne4 Qg7 21. Rg1 Ng6
22. Ne1 Nf4 23. Re3 Bxe3 24. Qxe3 Rbe8 25. Nf3 Nd5 26. Qd2 Nf6 27. Qe3 Nxe4 28.
dxe4 Qf6 29. Bd1 Qf4+ 30. Qxf4 Rxf4 31. Rh1 0-1

[Event "4NCL Team Rapid"]
[Site "Newport Pagnell ENG"]
[Date "2010.10.09"]
[Round "7"]
[White "Piper,M"]
[Black "Watson,W"]
[Result "1-0"]
[BlackTitle "GM"]
[WhiteElo "2343"]
[BlackElo "2498"]
[WhiteFideId "401463"]
[BlackFideId "400157"]
[EventDate "2010.10.09"]

1. e4 g6 2. Nc3 Bg7 3. g3 c5 4. Bg2 Nc6 5. d3 d6 6. Bg5 Nf6 7. h3 O-O 8. Qd2 Qb6
9. Rb1 Qa5 10. a3 Rb8 11. Nge2 b5 12. O-O Re8 13. Bh6 Nd4 14. Bxg7 Kxg7 15. f4
b4 16. axb4 Nxe2+ 17. Nxe2 Rxb4 18. Nc3 Bb7 19. b3 Qb6 20. Kh2 e5 21. f5 Qd8 22.
Qf2 Bc6 23. Ra1 a5 24. g4 g5 25. Bf3 h6 26. h4 Rg8 27. hxg5 hxg5 28. Qe3 Kf8 29.
Kg3 Ke7 30. Rh1 Qb6 31. Ra2 a4 32. Nxa4 Bxa4 33. bxa4 Qa5 34. Qd2 Kd7 35. Rb1
Ke7 36. Rab2 Rgb8 37. Rxb4 Rxb4 38. Rxb4 cxb4 39. Qxg5 Qxa4 40. Qd2 Qa2 41. g5
Nd7 42. Bg4 b3 43. f6+ Kd8 44. Qb4 Qxc2 45. Qxd6 Qc7 46. Qe7+ Kc8 47. Bxd7+ Qxd7
48. Qf8+ Kc7 1-0

[Event "4NCL Team Rapid"]
[Site "Newport Pagnell ENG"]
[Date "2010.10.09"]
[Round "8"]
[White "Pickard,C"]
[Black "Martyn,R"]
[Result "0-1"]
[BlackTitle "FM"]
[WhiteElo "2134"]
[BlackElo "2292"]
[WhiteFideId "470880"]
[BlackFideId "409626"]
[EventDate "2010.10.09"]

1. c4 Nf6 2. Nf3 e6 3. g3 d5 4. b3 a5 5. Bg2 a4 6. Bb2 Nbd7 7. O-O b6 8. cxd5
exd5 9. d4 axb3 10. Qxb3 Ba6 11. Nc3 Bb7 12. Ne5 Ra5 13. e4 Nxe5 14. dxe5 Nxe4
15. Nxe4 dxe4 16. Rad1 Qc8 17. Rfe1 Bc5 18. Bxe4 Bxe4 19. Rxe4 Qe6 20. Qxe6+
fxe6 21. a4 Ke7 0-1

[Event "4NCL Team Rapid"]
[Site "Newport Pagnell ENG"]
[Date "2010.10.09"]
[Round "8"]
[White "Poobalasingam,P"]
[Black "Bisby,D"]
[Result "1/2-1/2"]
[WhiteTitle "FM"]
[BlackTitle "FM"]
[WhiteElo "2332"]
[BlackElo "2306"]
[WhiteFideId "410683"]
[BlackFideId "404586"]
[EventDate "2010.10.09"]

1. d4 e6 2. c4 f5 3. g3 Nf6 4. Bg2 Bb4+ 5. Bd2 Bxd2+ 6. Qxd2 O-O 7. Nc3 d5 8.
Nf3 c6 9. O-O Nbd7 10. b3 Ne4 11. Qc2 b6 12. Rac1 Bb7 13. Rfd1 Qf6 14. Ne1 Rae8
15. f4 Re7 16. e3 h6 17. Nd3 h5 18. Ne5 Nxe5 19. dxe5 Qh6 20. Bxe4 fxe4 21. c5
h4 22. b4 g5 23. Rd2 Rg7 24. Ne2 Ba6 25. fxg5 Qxg5 26. Nf4 hxg3 27. Rg2 Bd3 28.
Qd2 gxh2+ 1/2-1/2

[Event "4NCL Team Rapid"]
[Site "Newport Pagnell ENG"]
[Date "2010.10.09"]
[Round "8"]
[White "Moskovic,D"]
[Black "Cox,JohnJ"]
[Result "0-1"]
[WhiteTitle "FM"]
[BlackTitle "IM"]
[WhiteElo "2293"]
[BlackElo "2398"]
[WhiteFideId "404535"]
[BlackFideId "401064"]
[EventDate "2010.10.09"]

1. e4 e5 2. Nf3 Nc6 3. d4 exd4 4. Nxd4 Qf6 5. Nb3 Qg6 6. Nc3 Nf6 7. Qf3 Bb4 8.
Bd3 Ne5 9. Qg3 Nxd3+ 10. cxd3 Qxg3 11. hxg3 d5 12. Bd2 O-O 13. Nxd5 Nxd5 14.
exd5 Re8+ 15. Kd1 Bd6 16. Kc2 b6 17. Nd4 Bb7 18. Nc6 Bc5 19. Rhf1 Bxc6 20. dxc6
Re6 21. Rae1 Rxc6 22. Bc3 f6 23. Re2 Kf7 24. Rfe1 Rd8 25. f3 b5 26. a3 Bd6 27.
g4 Bg3 28. Rh1 h6 29. Rd1 a5 30. Kb3 a4+ 31. Kc2 Re8 32. Rdd2 Rce6 33. Rxe6 Rxe6
34. Kd1 Re1+ 35. Kc2 Bf4 36. Rd1 Re2+ 37. Kb1 Rxg2 38. Ba5 Rf2 39. d4 Rxf3 40.
d5 Rg3 41. Rd4 Be5 42. Rb4 Bd6 43. Rxb5 Rxg4 44. Rb7 Rd4 45. Bxc7 Bxc7 46. Rxc7+
Kg6 47. Rc5 Kf5 48. Kc2 Ke5 49. Ra5 h5 50. Kc3 Rxd5 51. Rxa4 g5 52. Ra8 h4 53.
b4 g4 54. a4 g3 55. Rg8 Kf4 56. a5 h3 57. a6 Rd7 58. b5 h2 0-1

[Event "4NCL Team Rapid"]
[Site "Newport Pagnell ENG"]
[Date "2010.10.09"]
[Round "8"]
[White "Piper,M"]
[Black "Dearing,Eddie"]
[Result "1-0"]
[BlackTitle "IM"]
[WhiteElo "2343"]
[BlackElo "2412"]
[WhiteFideId "401463"]
[BlackFideId "2400731"]
[EventDate "2010.10.09"]

1. e4 c5 2. Nc3 a6 3. g3 b5 4. Bg2 Bb7 5. d3 e6 6. Be3 d5 7. exd5 Nf6 8. Ne4
Bxd5 9. Nxf6+ Qxf6 10. Bxd5 exd5 11. d4 Nc6 12. Nf3 c4 13. O-O Bd6 14. Bg5 Qf5
15. Re1+ Kf8 16. b3 h6 17. Be3 Bb4 18. Rf1 Kg8 19. Kg2 Kh7 20. Bd2 Bd6 21. Re1
Rhe8 22. Re3 Re4 23. bxc4 dxc4 24. c3 Rxe3 25. Bxe3 Qd5 26. a4 b4 27. cxb4 Nxb4
28. Bd2 Nd3 29. Kg1 a5 30. Rb1 Bb4 31. Be3 Kg8 32. Nh4 Rc8 33. Qg4 Rc6 34. Rxb4
Nxb4 35. Nf5 Rg6 36. Ne7+ Kh7 37. Qc8 Qe4 1-0

[Event "4NCL Team Rapid"]
[Site "Newport Pagnell ENG"]
[Date "2010.10.09"]
[Round "9"]
[White "Mac Intyre,P"]
[Black "Poobalasingam,P"]
[Result "0-1"]
[WhiteTitle "FM"]
[BlackTitle "FM"]
[WhiteElo "2288"]
[BlackElo "2332"]
[WhiteFideId "2014505"]
[BlackFideId "410683"]
[EventDate "2010.10.09"]

1. e4 e6 2. d4 d5 3. Nc3 Nf6 4. Bg5 Be7 5. e5 Nfd7 6. h4 Bxg5 7. hxg5 Qxg5 8.
Qd3 g6 9. Nf3 Qe7 10. O-O-O a6 11. Qe3 c5 12. dxc5 Nc6 13. Rxd5 exd5 14. Nxd5
Qxc5 15. Nf6+ Kd8 16. Qg5 Nxf6 17. Qxf6+ Kc7 18. Qxf7+ Kb6 19. Qb3+ Ka7 20. e6
Na5 21. Qa4 Nc6 22. Qe4 Re8 23. Bc4 Re7 24. Rd1 b5 25. Bd5 Bb7 26. a3 Rc8 27.
Ng5 b4 28. axb4 Nxb4 29. Bxb7 Rxb7 30. e7 0-1

[Event "4NCL Team Rapid"]
[Site "Newport Pagnell ENG"]
[Date "2010.10.09"]
[Round "9"]
[White "Cobb,C"]
[Black "Cooper,L"]
[Result "1/2-1/2"]
[WhiteTitle "IM"]
[BlackTitle "IM"]
[WhiteElo "2396"]
[BlackElo "2316"]
[WhiteFideId "403601"]
[BlackFideId "401536"]
[EventDate "2010.10.09"]

1. c4 b6 2. g3 Bb7 3. Nf3 Bxf3 4. exf3 c5 5. d4 cxd4 6. Qxd4 Nc6 7. Qd2 g6 8. b3
Bg7 9. Bb2 Bxb2 10. Qxb2 Nf6 11. Bg2 O-O 12. O-O Rc8 13. f4 d6 14. Nc3 Nb8 15.
Rad1 Nbd7 16. Rfe1 Re8 17. f5 a6 18. Bb7 gxf5 19. Bxc8 Qxc8 20. f4 Nc5 21. Qc2
Nce4 22. Nxe4 Nxe4 23. Rxe4 fxe4 24. Qxe4 Qc5+ 25. Kg2 Qa3 26. Rd2 b5 27. f5
bxc4 28. f6 Kh8 29. Qxe7 Rg8 30. Qxd6 Qxd6 31. Rxd6 cxb3 32. axb3 Ra8 33. Kh3 h6
34. Rd7 Kg8 35. Kg4 Rb8 36. Kh5 Rb6 37. Kxh6 Rxf6+ 38. Kg5 Rb6 39. Ra7 Kg7 40.
g4 Rxb3 41. Rxa6 Rh3 42. Ra2 Rb3 43. Kh4 Kg6 44. h3 f6 45. Ra8 Rc3 46. Rg8+ Kf7
47. Rd8 Kg6 48. Rd2 Ra3 49. Rf2 Rb3 50. Rg2 f5 51. gxf5+ Kxf5 52. Rf2+ Kg6 1/2-1/2

[Event "4NCL Team Rapid"]
[Site "Newport Pagnell ENG"]
[Date "2010.10.09"]
[Round "9"]
[White "Clarke,B"]
[Black "Sherwin,J"]
[Result "1/2-1/2"]
[BlackTitle "IM"]
[WhiteElo "2110"]
[BlackElo "2246"]
[WhiteFideId "400319"]
[BlackFideId "2000997"]
[EventDate "2010.10.09"]

1. e4 c5 2. Nf3 Nc6 3. d4 cxd4 4. Nxd4 g6 5. Nc3 Bg7 6. Be3 Nf6 7. Bc4 d6 8. f3
O-O 9. Qd2 Nxd4 10. Bxd4 Be6 11. Bxe6 fxe6 12. O-O-O Qa5 13. h4 Rac8 14. Kb1 Nh5
15. Ne2 Qxd2 16. Rxd2 Bxd4 17. Rxd4 e5 18. Rb4 b6 19. Nc3 Nf4 20. Nd5 Rf7 21.
Nxf4 Rxf4 22. Rb3 Kg7 23. Kc1 Kf7 24. Kd2 Ke6 25. Rd3 Rff8 26. c3 Rc5 27. Ke3 b5
28. Rhd1 a5 29. a3 Rb8 30. b4 Rc6 31. bxa5 Ra8 32. Rb1 Rxa5 33. Rb3 Rc4 34. Rd5
Rc5 35. Rd1 Kd7 36. Kd3 Kc6 37. Kc2 Rc4 38. h5 g5 39. h6 Rca4 40. Kb2 e6 41. Rh1
Ra8 42. Rh5 Rg8 43. Rb4 Rxb4+ 44. axb4 d5 45. Kc2 Kd6 46. Kd3 g4 47. Ke3 gxf3
48. gxf3 Rg2 49. Rh4 Ke7 50. Rh1 Kf6 51. Ra1 Rb2 52. exd5 exd5 53. Ra6+ Kf5 54.
Rb6 d4+ 55. Kd3 Rb3 56. Rxb5 Rxc3+ 57. Ke2 Rc2+ 58. Kd3 Rf2 59. Rb7 Rxf3+ 60.
Kd2 Rb3 61. b5 e4 62. Kc2 Rc3+ 63. Kb2 Kg6 64. Rd7 Rc5 65. Rd6+ Kg5 66. b6 d3
67. Rd4 Rb5+ 68. Kc3 Rxb6 69. Rxe4 Rd6 70. Kd2 Kxh6 71. Re3 Kg5 72. Rxd3 Rxd3+
73. Kxd3 Kg4 74. Ke2 Kg3 75. Kf1 Kh2 76. Kf2 h5 77. Kf3 h4 78. Kf2 Kh1 79. Kf1 1/2-1/2